[Event "MPL National Senior Chess-ch 2022"]
[Site "Kanpur"]
[Date "2022.02.26"]
[Round "4.11"]
[White "Sengupta, Deep"]
[Black "Srihari L R"]
[Result "1/2-1/2"]
[WhiteElo "2528"]
[BlackElo "2400"]
[Annotator "TA"]
[PlyCount "85"]
[EventDate "2022.02.25"]
[EventCountry "IND"]
[SourceTitle "playchess.com"]
[Source "ChessBase"]
[SourceQuality "1"]

{[%evp 14,85,39,33,47,-16,-10,-16,0,-23,-22,-16,-16,-27,-11,-22,-19,-20,-17,-19,0,-22,-22,-25,-26,-29,-14,-19,-21,-21,0,0,0,0,22,0,0,0,26,4,4,0,0,0,0,0,0,0,0,0,0,0,0,0,0,0,0,0,0,0,0,0,0,0,0,0,0,0,0,0,0,0,0,-14]} 1. d4 d5 2. Bf4 c5 3. e3 Nc6 4. c3 Nf6 5. Nd2 cxd4 6. exd4 g6 7. Ngf3 $1 {7.Ngf3 scores better than 7.Bd3.} Bg7 8. Bd3 Nh5 {B13: Caro-Kann: Exchange Variation and Panov-Botvinnik Attack.} 9. Bg3 (9. Be3 $14) 9... O-O 10. O-O Bg4 11. Qb3 Nxg3 12. hxg3 Rb8 13. a4 Qd6 14. Rfe1 {[#]} h5 $146 ({Predecessor:} 14... Rfe8 15. Qa3 Qc7 16. a5 e5 17. dxe5 Nxe5 18. Nxe5 Bxe5 19. Bb5 Red8 20. Qb4 h5 {½-½ (59) Tsomaia,S (1859)-Jorgensen,J (2257) Opatija 2013}) 15. Qa3 Qxa3 16. Rxa3 Bxf3 17. Nxf3 e6 18. a5 Rfc8 19. Bb5 Ne7 20. Nh2 {[%cal Bf3h2,Bh2g4,Bg4e3,Be3c2,Bc2a1,Ba1b3,Bb3d2][%mdl 32]} Nf5 21. g4 Nd6 22. Bd3 hxg4 23. Nxg4 Kf8 {[%cal Bg8f8,Bf8e7,Be7d7][%mdl 32]} 24. g3 Ke7 25. Kg2 Rc7 26. Ra2 Rh8 {The position is equal.} 27. Ne3 {[#] Strongly threatening Nxd5+.} Kd7 28. Nc2 Bf8 29. Na1 a6 30. Nb3 Ne8 31. Nd2 Nd6 32. Nf3 Bg7 33. Ra4 Bf6 34. Nd2 Be7 35. Nb3 Ne8 {[%cal Bd6e8,Be8f6,Bf6e4][%mdl 32]} 36. Bc2 {[%cal Bd3c2,Bc2d1,Bd1f3,Bf3e2][%mdl 32]} Nf6 37. Bd1 Ne4 38. Bf3 Ng5 {[%cal Oh8h2] [#] And now ...Rh2+! would win.} 39. Be2 Ne4 40. Raa1 Bd6 41. Bf3 Ng5 {[%cal Oh8h2]} 42. Bd1 Ne4 43. Bf3 {An interesting draw.  Weighted Error Value: White=0.07 (flawless) /Black=0.04 (flawless)} 1/2-1/2

[Event "MPL National Senior Chess-ch 2022"]
[Site "Kanpur"]
[Date "2022.02.26"]
[Round "4.12"]
[White "Deepan Chakkravarthy J."]
[Black "Sidhant, Mohapatra"]
[Result "1/2-1/2"]
[WhiteElo "2520"]
[BlackElo "2359"]
[Annotator "TA"]
[PlyCount "116"]
[EventDate "2022.02.25"]
[EventCountry "IND"]
[SourceTitle "playchess.com"]
[Source "ChessBase"]
[SourceQuality "1"]

{[%evp 22,116,39,0,31,0,7,8,-1,0,38,16,50,58,51,33,124,68,68,70,61,70,85,92,88,43,95,17,68,34,38,48,60,66,65,66,68,72,100,112,96,101,101,25,25,24,24,33,37,15,15,12,18,9,9,9,9,10,18,0,0,0,0,0,0,0,0,0,0,0,0,0,0,0,0,0,0,0,0,0,0,0,0,0,0,0,0,0,0,0,0,0,0,0,0,0,0]} 1. c4 c6 2. Nf3 d5 3. d4 Nf6 4. Nc3 e6 5. e3 Nbd7 6. Bd3 dxc4 7. Bxc4 b5 8. Be2 Bd6 9. O-O O-O 10. Qc2 Bb7 11. Rd1 Qc7 12. Bd2 (12. e4 $5 {[%cal Re4e5]} e5 13. g3 $11) 12... e5 {D46: Semi-Slav: 5 e3 Nbd7 6 Bd3, Black avoids the Meran.} 13. Rac1 {[%cal Oc3b5] And now Nxb5! would win.} a6 14. dxe5 Nxe5 15. Ng5 {[%cal Oc3d5] [#]} Ng6 $146 ({Predecessor:} 15... c5 16. Nce4 Nxe4 17. Nxe4 Bxe4 18. Qxe4 Rfe8 19. Qf5 Rad8 20. Be1 c4 21. h3 g6 {1-0 (60) Becsenescu,I-Herrera,A (2297) ICCF email 2010}) 16. Nce4 Nxe4 17. Nxe4 Bxh2+ 18. Kh1 {Hoping for f4.} c5 {[#]} (18... Be5 $14) 19. Qxc5 $1 Qb8 $14 {[#]} 20. Qh5 $1 {Strongly threatening Nc5. Active counter play!} Be5 (20... Bxe4 21. Qxh2) 21. Nc5 ({Much worse is} 21. Ng5 h6 22. Nf3 Bxb2 $17) 21... Bc8 22. b3 Ra7 23. Bf3 (23. Ba5 $16) 23... a5 (23... b4 $1 $14) 24. Nd3 (24. b4 $16) 24... Bf6 ({Black should try} 24... b4 $1 $11) 25. Rc5 Bd7 26. Bc3 Qb6 27. Bxf6 Qxf6 28. Ne5 Nxe5 29. Qxe5 a4 30. Qxf6 gxf6 31. b4 a3 32. Bd5 ({Better is} 32. Rd3 $16) 32... Rc8 $1 $11 33. Rdc1 Rxc5 34. bxc5 {[%mdl 4096] Endgame KRB-KRB} Rc7 35. e4 {[%cal Og2g4]} Kf8 $1 {The position is equal.} 36. Kh2 f5 37. f3 fxe4 38. fxe4 (38. Bxe4 $2 Be6 39. Bb1 b4 $17) 38... Ke7 39. Kg3 f5 40. Kf4 fxe4 41. Kxe4 Be6 42. Ke5 Bxd5 43. Kxd5 {c6 is the strong threat. KR-KR} Kd8 $1 44. Rc3 b4 45. Rb3 Rg7 46. g3 Kc7 47. Kc4 Kc6 {( -> ...Rg4+)} 48. Kxb4 Rg4+ 49. Ka5 Kxc5 50. Rc3+ Kd6 51. Rxa3 h5 52. Rc3 h4 53. gxh4 Rxh4 54. Kb5 Kd7 55. a4 Rh8 $1 56. a5 Rc8 $1 57. Rh3 Kc7 58. Rh7+ Kb8 $1 {Weighted Error Value: White=0.13 (very precise) /Black=0.10 (very precise)} 1/2-1/2

[Event "MPL National Senior Chess-ch 2022"]
[Site "Kanpur"]
[Date "2022.02.26"]
[Round "4.13"]
[White "Mitrabha, Guha"]
[Black "Ratnakaran, K.."]
[Result "1-0"]
[WhiteElo "2510"]
[BlackElo "2316"]
[Annotator "TA"]
[PlyCount "99"]
[EventDate "2022.02.25"]
[EventCountry "IND"]
[SourceTitle "playchess.com"]
[Source "ChessBase"]
[SourceQuality "1"]

{[%evp 9,99,0,24,20,24,21,30,22,20,4,10,0,22,15,97,77,91,90,90,77,108,99,106,99,168,127,171,157,163,167,196,199,200,206,206,99,189,181,251,272,338,323,357,334,418,349,334,351,341,343,328,324,438,304,293,302,334,324,327,0,302,289,291,285,332,227,236,195,219,172,185,181,218,218,219,237,535,529,521,513,2863,2396,2664,2393,2056,2052,4670,2664,2110,1583,2629,2119]} 1. d4 Nf6 2. Nf3 c5 3. e3 e6 4. c4 Be7 5. dxc5 Bxc5 6. a3 {[#] E10: Blumenfeld Gambit.} a5 $146 ({Predecessor:} 6... O-O 7. Be2 b6 8. O-O Bb7 9. Nc3 d5 10. b4 Be7 11. Bb2 a5 12. Qb3 axb4 13. axb4 {0-1 (62) Brody,M-Rejfir,J The Hague 1928}) 7. b3 O-O 8. Bb2 {White has an edge.} b6 9. Nbd2 {[%cal Bb1d2,Bd2e4,Be4c3,Bc3b5][%mdl 32]} Bb7 10. Qc2 Nc6 11. Ng5 {aiming for Bxf6.} e5 {[#]} (11... Re8 $1 $11) 12. Bd3 $1 $16 {[%cal Rd3h7]} h6 13. Nge4 Nxe4 14. Nxe4 Be7 15. Nc3 Rc8 16. O-O {White is more active.} Re8 (16... Bc5 $16) 17. Rad1 (17. Be4 $18) 17... Bf8 (17... Nb8 $16 18. Rd2 Bc5) 18. Be4 Ba8 19. Nb5 Re6 20. Rd2 Qh4 {[%cal Oa5a4]} 21. g3 Qg4 22. Bg2 (22. Bf5 $18 Qf3 23. Be4) 22... a4 (22... e4 $16 {keeps fighting.}) 23. b4 $36 {[%mdl 2048] White has strong initiative.} (23. Rxd7 axb3 24. Qxb3 Na5 $11) (23. bxa4 Na5 $16) 23... h5 (23... Nxb4 $142 24. axb4 Bxg2 25. Kxg2 Rxc4) 24. h3 (24. Rxd7 $6 Nb8 25. f3 Qg5 26. Rxf7 (26. f4 exf4 27. Rxf7 Bxg2 $16) 26... Kxf7 $18) 24... Qg5 25. Rxd7 h4 26. g4 ({Resist} 26. Qxa4 hxg3 27. Nc7 Nd4 28. Nxe6 (28. Bxa8 $2 gxf2+ 29. Kh1 Qg3 $19) (28. exd4 Rxc7 29. d5 Rxd7 $16) 28... gxf2+ 29. Rxf2 Nxe6 $18) 26... e4 27. Nc7 Rxc7 28. Rxc7 Qd8 {[#]} 29. Qxa4 $1 Qxc7 30. Qxa8 Ne5 31. Bxe5 Qxe5 32. Rd1 {[%cal Bf1d1,Bd1d4,Bd4d7][%mdl 32]} Re8 33. Qc6 Re6 34. Qa8 {Strongly threatening Rd8.} Re8 35. Qa4 g6 36. Rd4 f5 37. Qc6 Re6 38. Qa8 {[%cal Oc4c5]} Kg7 39. Rd7+ Be7 40. Qd5 Kf6 41. Qxe5+ ({Don't play} 41. gxf5 gxf5 42. Rb7 Qxd5 43. cxd5 Rd6) 41... Rxe5 {[%mdl 4096] Endgame KRB-KRB} 42. Bf1 Re6 $2 (42... fxg4 43. hxg4 Re6) 43. c5 {White is clearly winning.} bxc5 44. Bc4 Re5 (44... Rb6 $142 45. b5 g5) 45. b5 {[%cal Bb4b5,Bb5b6,Bb6b7][%mdl 32] And now b6 would win.} Kg5 46. b6 {b7 would kill now.} Bf6 47. gxf5 gxf5 48. a4 {White threatens a5 and mate.} Re8 49. a5 {White wants to mate with a6.} Rd8 {[#]} 50. b7 $1 {[%mdl 512] Weighted Error Value: White=0.22 (precise) /Black=0.32} 1-0

[Event "MPL National Senior Chess-ch 2022"]
[Site "Kanpur"]
[Date "2022.02.26"]
[Round "4.14"]
[White "Pimpalkhare Vedant"]
[Black "Arjun Kalyan"]
[Result "1/2-1/2"]
[WhiteElo "2057"]
[BlackElo "2506"]
[Annotator "TA"]
[PlyCount "70"]
[EventDate "2022.02.25"]
[EventCountry "IND"]
[SourceTitle "playchess.com"]
[Source "ChessBase"]
[SourceQuality "1"]

{[%evp 24,70,15,15,30,-22,-25,-32,-29,-14,31,31,24,25,28,25,28,28,43,46,118,55,47,47,47,47,48,51,56,0,0,0,0,0,0,0,0,0,0,0,0,0,0,0,0,0,0,0,0]} 1. d4 Nf6 2. Nf3 d5 3. c4 e6 4. Nc3 c6 5. Bg5 h6 6. Bxf6 Qxf6 7. e3 {[%cal Be2e3,Be3e4,Be4e5][%mdl 32]} g6 8. Be2 Bg7 9. O-O O-O 10. e4 dxc4 11. e5 Qe7 12. Bxc4 Nd7 13. Re1 {13.Qe2 is more advanced technology.} Rd8 {D43: Semi-Slav: 5 Bg5 h6.} 14. Qe2 (14. Rc1 $142) 14... b5 $11 15. Bd3 Rb8 $1 {Black is slightly better.} 16. Rac1 Bb7 (16... c5 $1 $11) 17. Ne4 $14 c5 18. Nxc5 Nxc5 19. dxc5 {[#] Threatens to win with c6.} (19. Rxc5 Rxd4 20. Rxb5 (20. Nxd4 Qxc5 21. Nxb5 Qd5 $15) 20... Rb4 $15) 19... Bxf3 $146 ({Predecessor:} 19... Qc7 20. c6 Ba8 21. Bxb5 Bf8 22. Ba4 Rb6 23. b3 Ba3 24. Rc4 Rb4 25. Rxb4 Bxb4 {1-0 (42) Dolya,A (2382)-Trofimov,V (2407) ICCF email 2014}) 20. Qxf3 ({Of course not} 20. gxf3 Qg5+ 21. Kf1 Rd5 $15) 20... Rd5 21. b4 Rxe5 {[#]} (21... Qc7 $14) 22. Rxe5 {White is more active.} ({Better is} 22. Be4 $1 $16) 22... Bxe5 23. g3 {To avoid Qh4} a6 {[%cal Ba7a6,Ba6a5,Ba5b4][%mdl 32]} 24. Rd1 Rd8 25. Be4 a5 26. Rxd8+ (26. a3 $1 $14) 26... Qxd8 $11 {The position is equal.} 27. Qd3 Qxd3 28. Bxd3 axb4 29. Bxb5 {[%mdl 4096] Endgame KB-KB} Kf8 30. Kf1 Ke7 31. Ke2 Bd4 32. c6 {aiming for c7.} Kd6 33. c7 Kxc7 34. Be8 Kd6 35. Bxf7 g5 {Weighted Error Value: White=0.11 (very precise) /Black=0.07 (flawless)} 1/2-1/2

[Event "MPL National Senior Chess-ch 2022"]
[Site "Kanpur"]
[Date "2022.02.27"]
[Round "5.1"]
[White "Gukesh D"]
[Black "Erigaisi Arjun"]
[Result "1/2-1/2"]
[WhiteElo "2614"]
[BlackElo "2633"]
[Annotator "TA"]
[PlyCount "92"]
[EventDate "2022.02.25"]
[EventCountry "IND"]
[SourceTitle "playchess.com"]
[Source "ChessBase"]
[SourceQuality "1"]

{[%evp 29,92,33,39,11,55,45,42,0,0,0,0,0,0,-7,-8,-7,-6,-18,-18,-33,-33,-18,-16,-17,-8,-8,-8,-8,-8,-8,-8,-8,-8,-8,-8,-8,-8,-8,-8,-8,-8,-8,-8,-8,-8,-74,-63,-81,-8,-8,-8,-8,-8,-8,-8,-8,-8,-8,-8,-8,-8,-8,-8,-8,-8]} 1. d4 Nf6 2. c4 e6 3. Nf3 d5 4. Nc3 c6 5. Bg5 dxc4 6. e4 {[%cal Be2e4,Be4e5][%mdl 32]} b5 7. e5 h6 8. Bh4 g5 9. Nxg5 hxg5 10. Bxg5 Be7 11. exf6 Bxf6 12. Bxf6 Qxf6 13. g3 Bb7 14. Bg2 Na6 15. Ne4 Qe7 16. O-O {Black should prevent h4. D44: Semi-Slav: Botvinnik System.} O-O-O $1 17. a4 f5 {[#]} 18. axb5 $1 cxb5 $11 19. Rxa6 $1 Bxa6 20. Nc5 Qxc5 $1 21. dxc5 Rxd1 22. Rxd1 {[%mdl 4096] Endgame KRB-KRB} b4 23. Ra1 {[#]} b3 $1 {[%cal Oc4c3] [#] ...c3! is the strong threat.} 24. Bf1 $146 {[#]} (24. Rxa6 c3 25. Rxe6 (25. Rc6+ $2 Kb8 $19) 25... c2 $19) ({Predecessor:} 24. Rxa6 c3 25. Ra1 c2 26. Kf1 Rxh2 27. g4 a5 28. gxf5 exf5 29. Bd5 a4 30. Be6+ Kc7 31. Bxb3 axb3 32. Ke2 Kc6 33. Kd3 Kxc5 34. Ke2 Kb4 35. Re1 Rh8 {0-1 (35) Salzmann,S (2212)-Misericordia,A (2310) LSS email 2016}) 24... Rd8 $1 {Threatens to win with ...Bb5.} 25. h4 $1 Bb5 {[%cal Oa7a5]} 26. h5 $1 (26. Rxa7 $2 c3 $1 27. Bxb5 c2 $19) 26... a5 27. Rxa5 {[#] Strongly threatening Ra8+.} c3 $1 28. bxc3 {aiming for Ra8+.} ({Don't go for} 28. Rxb5 $2 c2 29. Rxb3 c1=Q $19) (28. Bxb5 cxb2 29. Ra8+ Kc7 30. Rxd8 b1=Q+ 31. Bf1 Kxd8 $19) 28... Bxf1 $1 {KRB-KR} 29. Ra8+ ({Don't blunder} 29. Kxf1 $2 b2 30. Rb5 (30. Ra8+ $2 Kc7 $19) 30... Rd1+ 31. Kg2 b1=Q 32. Rxb1 Rxb1 $19) 29... Kc7 30. Rxd8 Kxd8 {KB-KP} 31. h6 $132 {[%mdl 2048] [#] And now h7 would win. White is fighting back} ({But not} 31. Kxf1 $2 b2 32. Kg2 b1=Q $19) 31... b2 $1 32. h7 b1=Q {[%cal Of1g2]} 33. h8=Q+ Kc7 34. Qe5+ Kb7 35. c6+ $1 {[%mdl 64] Decoy} Kxc6 {White must now prevent ...Bc4+.} 36. Qxe6+ Kb5 37. Qd5+ (37. Qd7+ $11 {keeps the balance.} Ka5 38. Qd4 Ba6+ 39. Kh2) 37... Ka4 $17 38. Kh2 {[#]} Be2 ({Black should try} 38... Qc2 $1 $17 {[%cal Rc2f2]} 39. Qd4+ Kb3 40. Qb4+ Ka2 41. Qa5+ Kb2 42. Qb4+ Ka2 43. Qa5+ Kb2 44. Qb4+ Ka2) 39. Qa8+ $11 {The position is equal.} Kb3 {Hoping for ...Qe4.} 40. Qb7+ Kc2 41. Qxb1+ Kxb1 {KB-K3P} 42. Kh3 Kc2 43. Kh4 Kd3 (43... Kxc3 $5 44. Kg5 Bg4 $11) 44. Kg5 Ke4 45. c4 Bxc4 {( -> ...Be2)} (45... Ke5 $5) 46. f3+ $1 Ke5 {Weighted Error Value: White=0.07 (flawless) /Black=0.04 (flawless)} 1/2-1/2

[Event "MPL National Senior Chess-ch 2022"]
[Site "Kanpur"]
[Date "2022.02.27"]
[Round "5.2"]
[White "Aryan Chopra"]
[Black "Lalith Babu M R"]
[Result "0-1"]
[WhiteElo "2585"]
[BlackElo "2563"]
[Annotator "TA"]
[PlyCount "94"]
[EventDate "2022.02.25"]
[EventCountry "IND"]
[SourceTitle "playchess.com"]
[Source "ChessBase"]
[SourceQuality "1"]

{[%evp 15,94,-9,77,69,72,65,83,80,84,77,84,87,110,108,109,90,108,54,69,70,87,85,72,36,25,29,83,26,63,44,80,73,80,71,75,75,68,67,200,206,214,214,216,214,214,212,170,230,204,138,86,45,47,0,0,0,52,0,0,-210,-210,-454,-460,-608,-594,-1022,-1022,-1021,-933,-977,-962,-997,-772,-1360,-1119,-1123,-1070,-29957,-1022,-963,-905]} 1. e4 e5 2. Nf3 Nc6 3. Bc4 Nf6 4. Ng5 d5 5. exd5 Na5 6. Bb5+ c6 7. dxc6 bxc6 8. Be2 {8.Bd3 is the fancy move.} Be7 (8... h6 $11 9. Nh3 Bd6) 9. d3 $16 {C59: Two Knights: 4 Ng5 d5 5 exd5 Na5 5 Bb5+ c6 6 dxc6 bxc6 7 Be2.} O-O 10. O-O Nd5 11. Nf3 {White is better.} Bd6 12. Nc3 {[#]} (12. Re1 {seems wilder.} Re8 13. Nc3 Rb8 14. Ne4 Bc7 15. c4) 12... f5 $146 {Prevents Ne4.} ({Predecessor:} 12... Nxc3 13. bxc3 c5 14. Be3 Nc6 15. Nd2 Nd4 16. cxd4 cxd4 17. Nc4 dxe3 18. fxe3 Bc7 {0-1 (57) Chernov,M (2213)-Mouhamad,J (2239) Chess.com INT 2020}) 13. Re1 Nxc3 14. bxc3 Qc7 15. g3 Bb7 16. Nd2 (16. Bf1 $16) 16... e4 $14 {[%cal Oe4e3]} 17. Bf1 Rad8 18. Rb1 c5 19. Bg2 {[%cal Rd3e4]} Be5 {[%csl LRc3,LRd3]} 20. c4 Bd4 (20... Bc3 $11 {keeps the balance.}) 21. Bb2 (21. Nb3 $16 Nxb3 22. Rxb3) 21... exd3 {Hoping for ...Bxg2.} 22. Bxb7 Nxb7 23. cxd3 Bxb2 24. Rxb2 Rxd3 25. Qe2 Rd7 26. Nf3 {[%cal Bd2f3,Bf3e5,Be5g6,Bg6f8,Bf8e6][%mdl 32]} h6 (26... g6 $14) 27. Qe6+ $18 Kh7 28. Ne5 Re7 {[#]} 29. Ng6 $1 Rxe6 30. Nxf8+ Kg8 31. Nxe6 Qa5 32. Re3 Nd6 33. Rb8+ (33. Nf4 $16) 33... Kf7 $1 $14 34. Rf8+ (34. Kg2 $14 {is superior.}) 34... Ke7 $1 $11 {aiming for ...Qd2.} 35. Rb8 (35. Ra8 $11 Ne4 36. Nxg7 Qxa2 37. Nxf5+ Kd7 {[#]} 38. Rxa7+ $1 (38. Rxe4 $2 Qb1+ 39. Kg2 Qxe4+ 40. Kg1 Qxa8 $19) (38. Kh1 $2 Nxf2+ 39. Kg1 Nh3+ 40. Kh1 Qb1+ 41. Kg2 Qb7+ 42. Kxh3 Qxa8 $19) 38... Qxa7 39. Rxe4 Qa1+ 40. Kg2) 35... Kf7 $1 $14 {[%cal Be7f7,Bf7g6,Bg6h7][%mdl 32]} 36. Nd8+ (36. Kg2 $14) 36... Kg6 $11 37. Re6+ $2 (37. Nc6 $11 Qd2 38. Rd8 Qc1+ 39. Kg2) 37... Kh7 $19 {Strongly threatening ...Ne4.} 38. Rxd6 (38. Re2 Qa4 39. Re7 Qd1+ 40. Kg2) 38... Qc7 39. Nf7 {[%csl Gf7][%cal Rb8h8]} Qxb8 {[%mdl 4096] Endgame KQ-KRN} 40. Rd7 Qb1+ 41. Kg2 Qe4+ 42. Kg1 Qxc4 43. Rxa7 Qd5 44. a3 c4 {Threatens to win with ...Qc5.} 45. Rc7 {Prevents Qc5.} Qd4 46. Ne5 c3 (46... Qa1+ $142 47. Kg2 Qxe5 48. Rc8 c3 49. Kh3 Qe2 50. Kg2 c2 51. h3 Qd1 52. a4 c1=Q 53. Rxc1 Qxc1 54. g4 fxg4 55. hxg4 Qf4 56. g5 h5 57. a5 h4 58. a6 Qg4+ 59. Kf1 h3 60. g6+ Kh6 61. Ke1 h2 62. Kd2 h1=Q 63. f4 Qg3 64. f5 Qhh2+ 65. Kd1 Qgg1#) 47. Nf3 Qd1+ {Never resign too early!  Weighted Error Value: White=0.70/Black=0.37} 0-1

[Event "MPL National Senior Chess-ch 2022"]
[Site "Kanpur"]
[Date "2022.02.27"]
[Round "5.3"]
[White "Adhiban, B.."]
[Black "Harsha Bharathakoti"]
[Result "1/2-1/2"]
[WhiteElo "2648"]
[BlackElo "2499"]
[Annotator "TA"]
[PlyCount "63"]
[EventDate "2022.02.25"]
[EventCountry "IND"]
[SourceTitle "playchess.com"]
[Source "ChessBase"]
[SourceQuality "1"]

{[%evp 13,63,14,7,6,5,11,10,2,16,6,9,-4,-5,-26,-39,-25,-5,-26,-15,0,17,6,14,0,0,-43,0,-44,-43,-37,-56,-68,-51,-54,-25,-58,-34,-68,-63,-52,-47,-75,0,-38,0,-49,0,-63,-25,-25,-31,-147]} 1. e4 e5 2. Nf3 Nc6 3. Bc4 Bc5 4. d3 Nf6 5. Bg5 d6 6. c3 h6 7. Bh4 a6 8. Nbd2 {C54: Giuoco Piano: 4 c3 Nf6, main lines with 5 d4 and 5 d3.} Ba7 9. O-O g5 {[%cal Bg7g5,Bg5g4][%mdl 32]} 10. Bg3 {The position is equal.} O-O 11. a4 Nh7 12. d4 {[#]} h5 $146 {With the idea ...h4.} ({Predecessor:} 12... exd4 13. Nxd4 Nxd4 14. cxd4 Bxd4 15. Qc2 Kh8 16. Nb3 Bg7 17. Rad1 f5 18. f4 fxe4 19. fxg5 Qxg5 20. Qxe4 {0-1 (36) Cornette,D (2404)-Leko,P (2679) Douglas 2017}) 13. h4 {[#] Strongly threatening hxg5.} (13. dxe5 $2 h4 14. Bxh4 (14. e6 $2 fxe6 15. Bxh4 gxh4 $19) 14... gxh4 15. exd6 h3 16. dxc7 Qxc7 $19) 13... g4 14. Ne1 ({Reject} 14. d5 Ne7 15. Ne1 (15. Ng5 $2 Nxg5 16. hxg5 Ng6 $19) 15... Ng6 $17) 14... exd4 15. Nd3 dxc3 (15... Re8 {is interesting.} 16. Qb3 Qe7 17. Rfe1 Ne5 18. Qc2 dxc3 19. Qxc3 Bd7) 16. bxc3 Ne5 17. Nxe5 dxe5 18. Kh1 ({Of course not} 18. Bxe5 Qxh4 19. Bd4 Rd8 20. Bxa7 (20. g3 Qe7 $17) 20... Rxa7 $15) 18... Qe7 19. f3 (19. Qe2 $11) 19... Kh8 (19... Be3 $1 $15) 20. fxg4 (20. Qe2 $11) 20... Bxg4 $15 21. Nf3 {And now Qd5 would win.} f6 $1 22. Qb3 c6 23. a5 Rad8 24. Rab1 Bc8 25. Bh2 Bc5 26. Rb2 Ba3 27. Rbb1 Bc5 (27... Bd6 $5 {[%cal Rf6f5]}) 28. Rb2 $1 Ba3 29. Rbb1 Bc5 30. Rb2 $1 Bd6 31. Bg1 Bc7 32. Rbb1 {Weighted Error Value: White=0.10 (very precise) /Black=0.13 (very precise)} (32. Bb6 $15) 1/2-1/2

[Event "MPL National Senior Chess-ch 2022"]
[Site "Kanpur"]
[Date "2022.02.27"]
[Round "5.4"]
[White "Gupta, Abhijeet"]
[Black "Aditya Mittal"]
[Result "1-0"]
[WhiteElo "2628"]
[BlackElo "2487"]
[Annotator "TA"]
[PlyCount "181"]
[EventDate "2022.02.25"]
[EventCountry "IND"]
[SourceTitle "playchess.com"]
[Source "ChessBase"]
[SourceQuality "1"]

{[%evp 11,181,10,10,19,3,29,14,0,20,0,0,0,12,0,15,11,18,0,0,0,0,-27,-18,-30,0,0,0,0,0,-44,-39,-53,-63,-55,-48,-69,-70,-70,0,0,0,0,0,0,0,0,0,0,0,0,0,-8,0,0,0,0,0,0,0,0,0,0,0,-11,0,-33,-1,-8,0,-20,-25,-25,-8,0,0,-8,0,0,0,0,0,0,0,0,0,0,0,0,0,0,9,14,85,81,83,85,110,108,108,0,0,0,8,8,8,8,11,11,124,127,481,481,481,481,5185,4694,5724,7815,1073,1171,29958,29959,29957,29960,29969,29950,29971,29972,29972,29965,29971,29972,29972,29962,29969,29967,29965,29967,29966,29968,29961,29967,29970,29972,29967,29968,29972,29973,29973,29974,29974,29975,29980,29981,29981,29977,29977,29978,29978,29979,29979,29980,29980,29981,29984,29985,29985,29986,29986,29979,29988,29989]} 1. d4 Nf6 2. c4 e6 3. Nf3 d5 4. Nc3 Bb4 5. Qa4+ Nc6 6. e3 O-O 7. Qc2 {D38: Queen's Gambit Declined: Ragozin Defence (4 Nf3 Bb4).} Re8 8. Bd2 Bf8 {8...Bf8 is better than 8...a6.} 9. a3 {The position is equal.} h6 10. cxd5 exd5 11. Bd3 Bg4 {[#] ...Bxf3 is the strong threat.} 12. O-O $146 ({Predecessor:} 12. O-O-O Bd7 13. h3 b5 14. Bxb5 Rb8 15. Bxc6 Bxc6 16. Ne5 Ba8 17. Nd3 Ne4 18. Nxe4 dxe4 {½-½ (73) Duda,J (2729)-Ding,L (2799) chess24.com INT 2021}) 12... Bd6 13. Kh1 a6 14. Rac1 Qe7 15. Be1 g6 16. h3 Bxf3 17. gxf3 Nh5 18. Bxg6 fxg6 19. Qxg6+ Ng7 {Strongly threatening ...Qd7.} 20. Rg1 (20. Nxd5 $11 Qh4 21. Qg4 (21. Nf6+ Kf8 $11) 21... Qxg4 22. fxg4) 20... Qf7 $1 $15 21. Nxd5 Qxg6 (21... Qxf3+ $2 22. Rg2 Qf7 23. Nf6+ Kf8 24. Qxh6 $18) 22. Rxg6 Kh7 23. Rg2 Rf8 {Inhibits Nf6+.} 24. f4 {[%cal Od5c7]} Rae8 (24... Rf7 $15) 25. Nxc7 $1 $11 Bxc7 26. d5 Rf7 27. dxc6 bxc6 28. Bc3 Nf5 29. Rcg1 Bd8 30. Rc1 Bf6 31. Rgg1 Bxc3 32. Rxc3 Rd8 33. Rgc1 Rd2 34. R3c2 Rfd7 35. Kg1 Ne7 36. Kg2 Kg6 37. Kf3 Kf6 38. Ke4 a5 39. Kf3 R7d5 40. e4 R2d3+ 41. Kg2 R5d4 42. f3 Rb3 43. Rf2 Rb5 44. Rc3 Rd8 45. Rfc2 Rdb8 46. Kg3 Rxb2 47. Rxb2 Rxb2 {[%mdl 4096] Endgame KRN-KR} 48. f5 Rd2 49. Rc5 a4 50. Rc4 Rd3 51. Rxa4 Nxf5+ 52. exf5 $16 Kxf5 $11 {KR-KR} 53. Ra5+ Kf6 54. Kg4 c5 55. f4 ({White should try} 55. Rxc5 $16 {Threatens to win with Rc6+.} Rxa3 56. f4) 55... h5+ {[%mdl 64] Decoy} 56. Kxh5 Rxh3+ 57. Kg4 Rd3 58. Ra6+ Kf7 59. Kf5 Rd5+ (59... c4 $11) 60. Ke4 $16 Rd1 {[%mdl 8192] This move loses the game for Black.} (60... Rd8 $16) 61. a4 $1 $18 {[%cal Ba3a4,Ba4a5,Ba5a6][%mdl 32]} Ke7 62. a5 c4 (62... Re1+ $142 63. Kd5 c4) 63. Rc6 {And now a6 would win.} Ra1 64. a6 {Black must now prevent Kd4.} Kd7 65. Rh6 {Threatening mate with f5.} Kc7 66. Kd4 {White mates.} Ra3 67. f5 Rf3 68. Ke4 Rf1 69. Rh7+ Kb8 70. Rb7+ Kc8 71. Rf7 Kb8 72. Kd4 Ra1 73. Rf6 Rc1 74. Rc6 Rf1 75. Rc5 $1 Ka7 76. Kxc4 Kxa6 {[#]} 77. Re5 $1 Kb6 {[#]} 78. Kd5 $1 Kc7 79. Ke6 Kd8 80. Kf7 Kd7 81. f6 {[%cal Bf5f6,Bf6f7][%mdl 32]} Rg1 82. Rd5+ Kc6 83. Rd2 Rf1 84. Kg7 Rg1+ 85. Kf8 Rf1 86. f7 Rg1 87. Rd4 Kc7 88. Ke7 Re1+ 89. Kf6 Rf1+ 90. Kg6 Rf2 91. Rd5 {Weighted Error Value: White=0.07 (flawless) /Black=0.24 (precise)} 1-0

[Event "MPL National Senior Chess-ch 2022"]
[Site "Kanpur"]
[Date "2022.02.27"]
[Round "5.5"]
[White "Aronyak Ghosh"]
[Black "Mitrabha, Guha"]
[Result "1/2-1/2"]
[WhiteElo "2482"]
[BlackElo "2510"]
[Annotator "TA"]
[PlyCount "19"]
[EventDate "2022.02.25"]
[EventCountry "IND"]
[SourceTitle "playchess.com"]
[Source "ChessBase"]
[SourceQuality "1"]

{[%evp 18,19,25,0]} 1. d4 Nf6 2. c4 c6 3. Nc3 d5 4. cxd5 cxd5 5. Nf3 Nc6 6. Bf4 {[#]} Nh5 $146 ({Predecessor:} 6... Bf5 7. Qb3 Na5 8. Qa4+ Bd7 9. Qc2 e6 10. e3 Rc8 11. Bd3 Bb4 12. O-O Nh5 13. Ne5 Nxf4 14. exf4 g6 15. Qe2 O-O 16. a3 Bxc3 17. bxc3 {0-1 (59) Swiercz,D (2656)-Van Foreest,J (2702) Chess.com INT 2022}) 7. Bd2 Nf6 8. Bf4 Nh5 {8...e6 is the recent fashion.} 9. Bd2 Nf6 10. Bf4 1/2-1/2